000 00637nam a2200217Ia 4500
003 GCL
008 140319s9999 xx 000 0 ara d
040 _aGCL /
_cGCL
082 0 4 _a935
_bح م
100 1 _aحسن نعمه
245 1 0 _aمن ذاكرة التاريخ مدن الشرق الادنى القديم /
_cحسن نعمه
260 _a[S.N] :
_bرشاد برس ،
_c1994
300 _a159 ص
490 _a
650 0 4 _aتاريخ
650 0 4 _aالشرق الاوسط
650 0 4 _aالعالم القديم
650 0 4 _aالحضارة القديمة
650 0 4 _aالمدن المندثرة
942 _2ddc
_cBK
999 _c37448
_d37448